000 00712nam a2200253Ia 4500
005 20231124105910.0
008 131103s9999 xx 000 0 und d
020 _a8170361028
040 _aLoreto College
041 _aEnglish
082 _a396
_bGHA
100 _aGhadially, Rehana
245 _aWomen in Indian Society
_c Edited by Rehana Ghadially
250 _a a reader
260 _aNew Delhi
_bSage Publications
_c1988
300 _a310 p.
504 _aIncludes bibliographical references and index
630 _aIndian Women - Social Conditions
650 _aWomen - Social Conditions
651 _aWomen Studies
700 _aGhadially,Rehana,ed.
850 _aLCLIB
942 _cBK
999 _c11322
_d61801